LEADER 01055nam0-2200373---450- 001 990001015690203316 005 20090610121826.0 010 $a88-14-02782-X 035 $a0101569 035 $aUSA010101569 035 $a(ALEPH)000101569USA01 035 $a0101569 100 $a20020305d1991----km-y0ITAy01------ba 101 $aita 102 $aIT 105 $a||||||||001yy 200 1 $a<> pubblico impiego$fPietro Virga 205 $a3. ed. interamente rifatta 210 $aMilano$cA. Giuffré$d1991 215 $aIX, 876 p$d25 cm 606 0 $aImpiego pubblico 676 $a351.001 700 1$aVIRGA,$bPietro$040126 801 0$aIT$bsalbc$gISBD 912 $a990001015690203316 951 $aXXIV.3.G 16 (IG V 254/A)$b72143 EC$cXXIV.3.G 16 (IG V)$d00231916 959 $aBK 969 $aECO 979 $aPATTY$b90$c20020305$lUSA01$h1413 979 $c20020403$lUSA01$h1742 979 $aPATRY$b90$c20040406$lUSA01$h1710 979 $aRSIAV2$b90$c20090610$lUSA01$h1218 996 $aPubblico impiego$962808 997 $aUNISA